[Event "Pontevedra op-B 6th"]
[Site "Pontevedra"]
[Date "2018.08.11"]
[Round "5"]
[White "Lamas Garralon, Pablo"]
[Black "Bahamonde Trujillo, Juan"]
[Result "1-0"]
[WhiteElo "1592"]
[BlackElo "1363"]
[PlyCount "49"]
[EventDate "2018.08.08"]
[EventType "swiss"]
[EventRounds "9"]
[EventCountry "ESP"]
[SourceTitle "CBM 186 Extra"]
[Source "ChessBase"]
[SourceDate "2018.08.24"]
[SourceVersion "1"]
[SourceVersionDate "2018.08.24"]
[SourceQuality "1"]

1. g3 Nf6 2. Bg2 g6 3. d3 Bg7 4. e4 d6 5. Ne2 0-0 6. 0-0 c5 7. f4 Nc6 8. a4 Bg4 9. Nbc3 Qd7 10. Be3 Ne8 11. Qd2 Nc7 12. f5 Bxe2 13. Nxe2 Bxb2 14. Rab1 Bg7 15. Rxb7 Rab8 16. Rxb8 Rxb8 17. Bh6 Ne8 18. fxg6 fxg6 19. Bxg7 Kxg7 20. Nf4 e5 21. Bh3 Qe7 22. Ne6+ Kg8 23. Rf8+ Qxf8 24. Nxf8 Kxf8 25. Qh6+ 1-0

[Event "Mondariz Balneario op 3rd"]
[Site "Mondariz Balneario"]
[Date "2016.08.21"]
[Round "5.12"]
[White "Fernandez Lopez, Ruben"]
[Black "Lamas Garralon, Pablo"]
[Result "1-0"]
[WhiteElo "1882"]
[BlackElo "1594"]
[PlyCount "78"]
[EventDate "2016.08.17"]
[EventType "swiss"]
[EventRounds "9"]
[EventCountry "ESP"]
[SourceTitle "EXT 2024"]
[Source "ChessBase"]
[SourceDate "2023.10.10"]
[SourceVersion "1"]
[SourceVersionDate "2023.10.10"]
[SourceQuality "1"]

1. e4 c5 2. Nf3 d6 3. d4 cxd4 4. Qxd4 Nc6 5. Bb5 Bd7 6. Bxc6 Bxc6 7. Nc3 h6 8. Be3 Nf6 9. 0-0-0 e5 10. Qd3 Be7 11. Nb5 Nxe4 12. Nxa7 Nf6 13. Qc4 Bxf3 14. gxf3 Qa5 15. Qb5+ Qxb5 16. Nxb5 Kd7 17. Rhg1 g6 18. Nc3 Kc6 19. f4 b5 20. a3 h5 21. fxe5 dxe5 22. Bg5 Rhe8 23. Rge1 Ng4 24. Bxe7 Rxe7 25. Nd5 Rd7 26. Nb4+ Kc7 27. Rxd7+ Kxd7 28. Nd3 f6 29. h3 Nh6 30. f4 exf4 31. Nxf4 Re8 32. Rd1+ Kc6 33. Nxg6 Re3 34. Rf1 Rxh3 35. Rxf6+ Kc5 36. b4+ Kd4 37. Kb2 Ng4 38. Rf5 Ne3 39. c3+ Kc4 1-0